Detalles MARC
| 000 -CABECERA |
| fixed length control field |
01682nam a22003857a 4500 |
| 003 - CONTROL NUMBER IDENTIFIER |
| control field |
AR-BeUNQ |
| 005 - FECHA Y HORA DE LA ULTIMA TRANSACCION |
| control field |
20231004180801.0 |
| 008 - ELEMENTOS DE LONGITUD FIJA-INFORMACION GENERAL |
| fixed length control field |
230808s2023 ag a|||| |||| 00| 0dspa d |
| 020 ## - NUMERO INTERNACIONAL NORMALIZADO PARA LIBROS |
| Número Internacional Normalizado del libro |
9789871696406 |
| 040 ## - FUENTE DE CATALOGACION |
| Agencia de catalogación original |
AR-BeUNQ |
| Idioma de catalogación |
ESPAÑOL |
| Convenciones de la descripción |
aacr |
| 041 ## - CODIGO DE IDIOMA |
| Código de idioma original |
ESPAÑOL |
| 044 ## - COUNTRY OF PUBLISHING/PRODUCING ENTITY CODE |
| MARC country code |
ag |
| 082 ## - NUMERO DE CLASIFICACION DECIMAL DEWEYMBER |
| Número de clasificación |
321.8 |
| Número de la edición |
21 |
| 245 00 - MENCION DE TITULO |
| Título |
40 años de democracia / |
| Mención de responsabilidad, etc |
Jorge Repiso ... [et al.] |
| 246 ## - FORMA VARIANTE DEL TITULO |
| Título propiamente dicho/forma breve del título |
Cuarenta años de democracia |
| 250 ## - MENCION DE EDICION |
| Mención de edición |
1a ed. |
| 260 ## - PUBLICACION, DISTRIBUCION, ETC. |
| Lugar de publicación, distribución, etc. |
Ciudad Autónoma de Buenos Aires : |
| Nombre del editor, distribuidor, etc. |
Comisión Nacional Protectora de Bibliotecas Populares, |
| Fecha de publicación, distribución, etc |
2023. |
| 300 ## - DESCRIPCION FISICA |
| Extensión |
94 p. |
| Otros detalles físicos |
il. col. ; |
| Dimensiones |
15 x 21 cm. |
| 505 ## - NOTA DE CONTENIDO |
| Nota de contenido con formato preestablecido |
Postales: 40 años de Democracia / Jorge Repiso, REP -- En una baldosa / Félix Bruzzone, Max Aguirre -- La Esperanza / Paula Bombara, Lauri Fernández -- Un finde con la tía Aye / Gabriela Saidon, Nacha Vollenweider -- ¿De quién es la Luna? / Luciano Saracino, Mora Sarquis. |
| 650 #7 - ASIENTO SECUNDARIO DE MATERIA - TERMINO TEMATICO |
| Término temático o nombre geográfico como elemento de entrada |
Democracia |
| Fuente del encabezamiento o términ |
spines |
| 650 #7 - ASIENTO SECUNDARIO DE MATERIA - TERMINO TEMATICO |
| Término temático o nombre geográfico como elemento de entrada |
Derechos Humanos |
| Fuente del encabezamiento o términ |
spines |
| 650 #7 - ASIENTO SECUNDARIO DE MATERIA - TERMINO TEMATICO |
| Término temático o nombre geográfico como elemento de entrada |
Historia argentina |
| Fuente del encabezamiento o términ |
tha |
| 700 0# - ASIENTO SECUNDARIO - NOMBRE DE PERSONA |
| Relationship |
auth |
| 9 (RLIN) |
4326 |
| Personal name |
Rep, |
| Dates associated with a name |
1961- |
| Relator term |
aut. |
| 700 1# - ASIENTO SECUNDARIO - NOMBRE DE PERSONA |
| Relationship |
auth |
| 9 (RLIN) |
4328 |
| Personal name |
Repiso, Jorge, |
| Dates associated with a name |
1964- |
| Relator term |
aut. |
| 700 1# - ASIENTO SECUNDARIO - NOMBRE DE PERSONA |
| Relationship |
auth |
| 9 (RLIN) |
4330 |
| Personal name |
Bruzzone, Félix, |
| Dates associated with a name |
1976- |
| Relator term |
aut. |
| 700 1# - ASIENTO SECUNDARIO - NOMBRE DE PERSONA |
| Relationship |
auth |
| 9 (RLIN) |
4339 |
| Personal name |
Aguirre, Max, |
| Dates associated with a name |
1971- |
| Relator term |
aut. |
| 700 1# - ASIENTO SECUNDARIO - NOMBRE DE PERSONA |
| Relationship |
auth |
| 9 (RLIN) |
3974 |
| Personal name |
Bombara, Paula, |
| Dates associated with a name |
1972- |
| Relator term |
aut. |
| 700 1# - ASIENTO SECUNDARIO - NOMBRE DE PERSONA |
| Relationship |
auth |
| 9 (RLIN) |
4340 |
| Personal name |
Fernández, Laura Cristina, |
| Dates associated with a name |
1980- |
| Relator term |
aut. |
| 700 1# - ASIENTO SECUNDARIO - NOMBRE DE PERSONA |
| Relationship |
auth |
| 9 (RLIN) |
4341 |
| Personal name |
Saidon, Gabriela, |
| Dates associated with a name |
1961- |
| Relator term |
aut. |
| 700 1# - ASIENTO SECUNDARIO - NOMBRE DE PERSONA |
| Relationship |
auth |
| 9 (RLIN) |
4342 |
| Personal name |
Vollenweider, Nacha, |
| Dates associated with a name |
1983- |
| Relator term |
aut. |
| 700 1# - ASIENTO SECUNDARIO - NOMBRE DE PERSONA |
| Relationship |
auth |
| 9 (RLIN) |
4343 |
| Personal name |
Saracino, Luciano, |
| Dates associated with a name |
1978- |
| Relator term |
aut. |
| 700 1# - ASIENTO SECUNDARIO - NOMBRE DE PERSONA |
| Relationship |
auth |
| 9 (RLIN) |
4347 |
| Personal name |
Sarquis, Mora |
| Relator term |
aut. |
| 929 ## - DATOS DE ADQUISICION |
| Procedencia |
DONACION |
| Proveedor |
Luciana Noguez Sörensen |
| Precio |
100,00 |
| Fecha de recibido |
2023.07.17 |
| Patrimonio UNQ |
PAT0080167 |
| Es copia |
1 |
| Número de inventario |
61393 |
| 942 ## - ELEMENTOS DE PUNTO DE ACCESO ADICIONAL (KOHA) |
| Tipo de ítem Koha |
Libros |
| Suppress in OPAC |
0 |